Vista normal
Vista MARC
Entrada Meeting Name
Número de registros utilizados en: 1
001 - CONTROL NUMBER
- control field: 14577
003 - CONTROL NUMBER IDENTIFIER
- control field: OSt
005 - DATE AND TIME OF LATEST TRANSACTION
- control field: 20210308155109.0
008 - FIXED-LENGTH DATA ELEMENTS
- fixed length control field: 210308|| aca||aabn | a|a d
040 ## - CATALOGING SOURCE
- Original cataloging agency: OSt
- Transcribing agency: OSt
111 ## - HEADING--MEETING NAME
- Meeting name or jurisdiction name as entry element: Foro Internacional Productividad, Competitividad e Internacionalización de la Economía (1995 :
- Location of meeting: Bogotá)
670 ## - SOURCE DATA FOUND
- Source citation: Work cat.: (OSt)0: Foro Internacional Productividad, Competitividad e Internacionalización de la Economía (1995 : Bogotá) , Productividad, competitividad, e internacionalización de la economía :, [1996].